00547 2200169 4500245008200000020002200082250001500104700001500119650002200134005001900156260005100175041001400226084000800240500007000248490005000318336000900368 aEnsiklopedia, Suku, Seni, dan Budaya Nasional b : Jilid 4cNurhasanahhText a978-602-7528-04-8 aEd. Revisi aNurhasanah aEnsiklopedia Seni a20231120143200 aJakartabEnsiklopedia Nasional Indonesiac2012 aIndonesia a703 aDaftar Isi : Lingga ; Lingkan Bene Minahasa, Tari ; Lingsar, Pura aEnsiklopedia, Suku, Seni, dan Budaya Nasional atext